000 00304nam a22001337a 4500
008 170222b xxu||||| |||| 00| 0 eng d
020 _a9780132412230
041 _aeng
080 _27TH
_a616.31
100 _a5
101 _aSHS
245 _aPRIMARY PREVENTIVE DENTISTRY
_cHARRIS, N.O
942 _2udc
_cBK
999 _c6035
_d6035